000 00966nam a2200289 i 4500
001 91916
003 ES-MaACL
005 20250822051646.0
007 t|
008 050307s2004 sp |||| | spa d
020 _a84-8427-332-6
080 _a372.41(460)"1939/75"
080 _a371.671(460)"1939/75"
100 1 _aSánchez-Redondo Morcillo, Carlos.
_9102873
245 1 0 _aLeer en la escuela durante el franquismo /
_cCarlos Sánchez-Redondo Morcillo.
250 _a1ª ed.
260 _aCuenca :
_bEdiciones de la Universidad de Castilla-La Mancha,
_c2004.
300 _a327 p. :
_bil. ;
_c21 cm.
490 1 _aArcadia ;
_v10
504 _aBibliografía: p. 325-327.
650 1 4 _aLectura-
_xEstudio y enseñanza-
_zEspaña-
_y1939-1975
_914063
650 _aLibros de texto-
_zEspaña.
_9162872
710 2 _aUniversidad de Castilla-La Mancha.
_9144367
830 0 _aArcadia ;
_v10
_9184228
852 _aES-MaACL
_jL-28959
999 _c91916
_d91916